header

Trauma in the live of children (Record no. 254940)

MARC details
000 -LEADER
fixed length control field 00476nam a22001577a 4500
003 - CONTROL NUMBER IDENTIFIER
control field OSt
005 - DATE AND TIME OF LATEST TRANSACTION
control field 20160804114948.0
008 - FIXED-LENGTH DATA ELEMENTS--GENERAL INFORMATION
fixed length control field 160804b xxu||||| |||| 00| 0 eng d
020 ## - INTERNATIONAL STANDARD BOOK NUMBER
International Standard Book Number 0897932331
040 ## - CATALOGING SOURCE
Transcribing agency N/A
100 ## - MAIN ENTRY--PERSONAL NAME
Personal name Johnson Kendall
245 ## - TITLE STATEMENT
Title Trauma in the live of children
Remainder of title Crisis and stress management techniques for teachers,counselors and student service professionals
250 ## - EDITION STATEMENT
Edition statement 2nd U S ed
260 ## - PUBLICATION, DISTRIBUTION, ETC. (IMPRINT)
Place of publication, distribution, etc U.S
Name of publisher, distributor, etc Hunter House Inc
Date of publication, distribution, etc 1998
942 ## - ADDED ENTRY ELEMENTS (KOHA)
Source of classification or shelving scheme Library of Congress Classification
Koha item type Long Loan Books
Holdings
Withdrawn status Lost status Source of classification or shelving scheme Damaged status Not for loan Collection code Home library Current library Shelving location Date acquired Total Checkouts Full call number Barcode Date last seen Price effective from Koha item type
    Library of Congress Classification     Non-fiction Rongo University Library Rongo University Library General Stacks 04/08/2016   RJ 507.S77J64 1998 20168631-X 04/08/2016 04/08/2016 Long Loan Books

© 2026 Rongo University
Contact us: librarian | system librarian | Rongo university